LEADER 02052nam 2200649 450 001 9910464881303321 005 20200917021826.0 010 $a1-282-74136-5 010 $a9786612741364 010 $a0-7748-5572-X 035 $a(CKB)3390000000007481 035 $a(OCoLC)608407314 035 $a(CaPaEBR)ebrary10553755 035 $a(SSID)ssj0000443115 035 $a(PQKBManifestationID)11285290 035 $a(PQKBTitleCode)TC0000443115 035 $a(PQKBWorkID)10465417 035 $a(PQKB)10695147 035 $a(MiAaPQ)EBC3412904 035 $a(CEL)408632 035 $a(CaBNVSL)slc00208549 035 $a(Au-PeEL)EBL3412904 035 $a(CaPaEBR)ebr10831348 035 $a(CaONFJC)MIL274136 035 $a(OCoLC)923450026 035 $a(EXLCZ)993390000000007481 100 $a20070606h20072007 uy| 0 101 0 $aeng 135 $aurcnu|||||||| 181 $ctxt 182 $cc 183 $acr 200 10$aTeachers' schools and the making of the modern Chinese nation-state, 1897-1937 /$fXiaoping Cong 210 1$aVancouver :$cUBC Press,$d[2007] 210 4$dİ2007 215 $a1 online resource (317 p.) 225 0$aContemporary Chinese studies,$x1206-9523 311 $a0-7748-1347-4 311 $a0-7748-1348-2 320 $aIncludes bibliographical references and index. 410 0$aContemporary Chinese studies, 606 $aTeachers colleges$zChina$xHistory$y20th century 606 $aTeachers$xTraining of$zChina$xHistory$y20th century 606 $aEducation and state$zChina$xHistory$y20th century 608 $aElectronic books. 615 0$aTeachers colleges$xHistory 615 0$aTeachers$xTraining of$xHistory 615 0$aEducation and state$xHistory 676 $a317 700 $aCong$b Xiaoping$0888622 801 0$bMiAaPQ 801 1$bMiAaPQ 801 2$bMiAaPQ 906 $aBOOK 912 $a9910464881303321 996 $aTeachers' schools and the making of the modern Chinese nation-state, 1897-1937$91985120 997 $aUNINA